Estadísticas para Países con capitales similares

Haz click aquí para tomar la prueba!

Estadísticas generales

  • Esta prueba ha sido tomada 41 veces
  • La puntuación promedio es 16 de 19

Estadísticas de respuestas

PaísCapital% Correcto
ArgeliaArgel
100%
BrasilBrasilia
97%
San MarinoSan Marino
97%
MexicoCiudad de Mexico
95%
PanamáCiudad de Panama
95%
MónacoMónaco
95%
LuxemburgoLuxemburgo
95%
Ciudad del VaticanoCiudad del Vaticano
95%
El SalvadorSan Salvador
92%
GuatemalaCiudad de Guatemala
92%
TúnezTúnez
92%
SingapurSingapur
89%
NicaraguaManagua
87%
Santo Tomé y PríncipeSanto Tomé
84%
IránTeherán
82%
AndorraAndorra la Vella
71%
Guinea-BissauBissau
68%
KuwaitCiudad de Kuwait
37%
DjiboutiCiudad de Djibouti
26%

Distribución de puntuación

Porcentaje por número respondido

Porcentaje de gente con cada puntuación

Historial de tus puntuaciones

No has tomado esta prueba